00823nam a22002537a 45000010005000000030006000050050017000110080041000280200018000690400029000870500016001160820010001321000020001422450042001622600044002043000060002485050008003085200126003165210023004425210020004656500023004857000028005087000033005367544FISKH20250723154244.0250723b cb ||||| |||| 00| 0 eng d a9780140547924 aFISKHbengcFISKHdFISKH aE78.N78 S48 a398.2 aSiberell, Anne  aWhale in the sky / cby Anne Siberell aNew York : bA Puffin Unicorn , c1982. a30 unnumbered pages : bcolor illustrations ;c26 cm .  aQ  aDescribes the Northwest Indian totem pole which shows how Thunderbird punished Whale for chasing Salmon and scaring Frog.8 a660 bLexile AD 8 aQ bRaz-Plus  aDiversityvFiction aMcLeod, Emilie eEditor aCounihan, Claire eDesigner